Talk and Tech How Internal Marketing Communication Can Boost ERP New Features Implementation

Bibliográfiai részletek
Szerzők: Huynh Minh Thu
Hoang Duong Minh Anh
További közreműködők: Bányai Dr. Kornél
Dokumentumtípus: TDK dolgozat
Kulcsszavak:belső kommunikáció fejlesztése
business marketing
ERP rendszerek
kommunikációs folyamat
marketingkommunikáció
Online Access:http://dolgozattar.uni-bge.hu/60479

MARC

LEADER 00000nta a2200000 i 4500
001 dolg60479
005 20260416073755.0
008 260416suuuu hu o 000 eng d
040 |a BGE Dolgozattár Repozitórium  |b hun 
041 |a en 
100 1 |a Huynh Minh Thu 
245 1 0 |a Talk and Tech  |b How Internal Marketing Communication Can Boost ERP New Features Implementation  |c Huynh Minh Thu  |h [elektronikus dokumentum] 
516 |a Students_Scientific_Association_paper 
520 3 |a ERP or Enterprise Resource Planning systems are powerful tools that help streamline the workflow from start to finish for many different companies. They could potentially seamlessly integrate the accurate flow of information to different departments (finance, accounting, logistics, etc.) of the organization. However, despite being very useful, introducing and implementing the system itself poses a challenge for both employers and employees. Being one of the many end-users of these systems, we thought to ourselves: what if there is a change in internal communication strategy involving marketing tactics that would help to avoid cost overruns, delays, user resistance, and even outright failure? The purpose of the study is to identify key communication challenges faced during ERP implementation and how to leverage internal marketing communication tools to influence key stakeholders and contribute to overcoming these challenges. A total of 102 interviewees who are employees of different large corporations in the European Union were surveyed to first gain an overview of the current communication in ERP implementation within the organization, focusing on existing communication tools, their perceived effectiveness, and common challenges. Then, in-depth, qualitative 120-minute interviews with 15 different people representing different stakeholders of the enterprise: IT professionals, managers, end-users, and communication specialists, were conducted. The obtained data suggest that communication challenges faced during ERP implementation include a lack of clear instructions, assumptions of knowledge, generic messaging, poor feedback loops, and resistance to change. Online meetings and PowerPoint slide sharing are currently the most used methods; however, the most effective methods perceived by the interviewees are workshops, direct leadership communication, ambassadors, storytelling, and feedback forums. Nevertheless, these tools are not implemented widely due to time restrictions, limited capital resources, higher-level stakeholders’ deadlines, or simply employees' resistance to change. Afterwards, we have proposed a framework to integrate internal marketing communication strategies into ERP implementation plans. 
695 |a belső kommunikáció fejlesztése 
695 |a business marketing 
695 |a ERP rendszerek 
695 |a kommunikációs folyamat 
695 |a marketingkommunikáció 
700 1 |a Bányai Dr. Kornél  |e ths 
700 1 |a Hoang Duong Minh Anh  |e aut 
856 4 0 |u http://dolgozattar.uni-bge.hu/60479/1/Talk%20And%20Tech_SSA%20Paper_Huynh%20Minh%20Thu_Hoang%20Duong%20Minh%20Anh.pdf  |z Dokumentum-elérés 
856 4 0 |u http://dolgozattar.uni-bge.hu/60479/2/HuynhMinhThu_HoangDuongMinhAnh_AUTHORS%20CONSENT%202025%20HUN%20ENG.pdf  |z Dokumentum-elérés 
856 4 0 |u http://dolgozattar.uni-bge.hu/60479/3/Resume_2025_Huynh_Minh_ThuHoang_Duong_Minh_Anh.pdf  |z Dokumentum-elérés 
856 4 0 |u http://dolgozattar.uni-bge.hu/60479/4/Resume_2025_Huynh_Minh_ThuHoang_Duong_Minh_Anh.docx  |z Dokumentum-elérés 
856 4 0 |u http://dolgozattar.uni-bge.hu/60479/5/TDK%20review.pdf  |z Dokumentum-elérés 
856 4 0 |u http://dolgozattar.uni-bge.hu/60479/6/Paper_evaluation_form-Dr.ZoltanSandor.pdf  |z Dokumentum-elérés